Music Quiz

Random Music or Kpop Quiz

Name The Girl Group Song From MV Screenshots Quiz Stats

 Plays Quiz not verified by Sporcle

Score 0/42 Timer 20:00
0 Plays Today
% Correct
Peek-A-Boo
94.7%
No
92.8%
DDU-DU DDU-DU
91.8%
LATATA
89.4%
Red
88.5%
ICY
87.5%
Noir
87.5%
Adios
86.5%
Butterfly
86.1%
Violeta
85.1%
4 Walls
81.7%
Get It
81.3%
Catallena
79.3%
Bingle Bangle
78.4%
Likey
77.9%
Crush
77.4%
Hate
76.4%
I Love You
75.5%
Q&A
74%
I'm So Sick
67.8%
Room Shaker
66.3%
% Correct
Mr. Mr.
66.3%
I Like That
64.9%
WOOWA
64.4%
Goblin
63%
Free Somebody
61.5%
Love U
59.6%
A Girl Like Me
58.2%
La La Love
55.8%
Puzzle Moon
54.8%
Love Cherry Motion
51%
Fly High
50%
To Heart
47.6%
Windy Day
47.1%
Woman
46.2%
I'm Jelly BABY
43.8%
Something New
40.4%
Idle Song
33.7%
Kiss Kiss
33.2%
Shooting Love
32.2%
Love & Live
31.3%
Where Are You From?
9.6%

You're not logged in!

Compare scores with friends on all Sporcle quizzes.
OR
Log In

Sporcle TV

Today on Sporcle TV


Watch our educational content, quiz creation guides, and fun videos on Sporcle TV.

Show Comments

Extras

Top Quizzes Today


Score Distribution

Your Account Isn't Verified!

In order to create a playlist on Sporcle, you need to verify the email address you used during registration. Go to your Sporcle Settings to finish the process.

Report this User

Report this user for behavior that violates our Community Guidelines.

Details: